|
|
|
|
| LEADER |
00000cab a2200000 a 4500 |
| 001 |
042712 |
| 003 |
UAHC_CL |
| 005 |
20170803124728.0 |
| 008 |
080125s2006 cl 000 spa |
| 040 |
|
|
|a UAHC_CL
|c UAHC_CL
|d UAHC_CL
|
| 100 |
1 |
|
|a Oyarzo Vidal, Carmen
|
| 245 |
1 |
4 |
|a Las razones de los presidentes :
|b análisis argumental de los discursos presidenciales inaugurales de la transición política de Chile (1990-1994-2000) /
|c Carmen Gemita Oyarzo Vidal.
|
| 260 |
|
|
|a Concepción
|b Universidad de Concepción
|c 2007
|
| 300 |
|
|
|a pp. 9-28
|
| 490 |
0 |
|
|a Sociedad hoy. Revista de ciencias sociales
|v 2
|
| 500 |
|
|
|a En: Sociedad Hoy, n¼12, 2007. pp. 9-28. ISSN 07173512.
|
| 500 |
|
|
|a En: Sociedad Hoy, nº12, 2007. pp. 9-28. ISSN 07173512.
|
| 520 |
|
|
|a El presente trabajo se define a partir de a búsqueda de una propuesta de análisis argumental a los discursos. A través de la revisión de os tres discursos presidenciables inaugurales de la transición política de Chile, se pretende distinguir elementos centrales de los argumentos. A partir de la descripción de las operaciones retóricas de los discursos se sugiere una reflexión del proceso político que teje el texto de los presidentes. El dispositivo metodológico de esta investigación propone un modelo que persigue establecer algunas regularidades de los discursos que puedan convertirlos en objetos comparables.
|
| 520 |
|
|
|a El presente trabajo se define a partir de a búsqueda de una propuesta de análisis argumental a los discursos. A través de la revisión de os tres discursos presidenciables inaugurales de la transición política de Chile, se pretende distinguir elementos centrales de los argumentos. A partir de la descripción de las operaciones retóricas de los discursos se sugiere una reflexión del proceso político que teje el texto de los presidentes. El dispositivo metodológico de esta investigación propone un modelo que persigue establecer algunas regularidades de los discursos que puedan convertirlos en objetos comparables.
|
| 520 |
|
|
|a El presente trabajo se define a partir de a búsqueda de una propuesta de an·lisis argumental a los discursos. A travÈs de la revisiÛn de os tres discursos presidenciables inaugurales de la transiciÛn polÌtica de Chile, se pretende distinguir elementos centrales de los argumentos. A partir de la descripciÛn de las operaciones retÛricas de los discursos se sugiere una reflexiÛn del proceso polÌtico que teje el texto de los presidentes. El dispositivo metodolÛgico de esta investigaciÛn propone un modelo que persigue establecer algunas regularidades de los discursos que puedan convertirlos en objetos comparables.
|
| 759 |
|
|
|a PP168
|
| 773 |
0 |
|
|t Sociología : perspectivas y debates
|w 042854
|
| 900 |
|
|
|a SOC. HOY-12/07
|
| 942 |
|
|
|c REVA
|
| 952 |
|
|
|0 0
|1 0
|4 0
|6 SOC___HOY12_07_000000000000000
|7 0
|8 General
|9 79823
|a BC
|b BC
|c General
|d 2017-08-03
|l 0
|o SOC. HOY-12/07
|p FICTICIO7727
|r 2019-01-08 00:00:00
|t 1
|w 2017-08-03
|y REVA
|
| 999 |
|
|
|c 42712
|d 42712
|